|
|
|
|
| LEADER |
00000cam a2200000 a 4500 |
| 001 |
vtls001096415 |
| 003 |
SK-MaSNL |
| 005 |
20260301062443.0 |
| 008 |
240314s1985 xo f np 00000 slo |
| 015 |
|
|
|a SNBA1985/12
|
| 035 |
|
|
|a SNK000039257
|
| 040 |
|
|
|a SNK
|b slo
|c SNK
|e AACR2
|
| 041 |
0 |
|
|a slo
|
| 044 |
|
|
|a xo
|c SK
|
| 080 |
|
|
|a 615.012(075.8)(076.5)
|2 1981
|
| 100 |
1 |
|
|a Rak, Ján,
|d 1945-2011
|4 aut
|9 38316
|
| 245 |
1 |
0 |
|a Liekové formy a technológia liekových foriem 2
|b návody na praktické cvičenia
|c Ján Rak a kolektív
|
| 250 |
|
|
|a 1. vyd.
|
| 260 |
|
|
|a Bratislava
|b Univerzita Komesnského
|c 1985
|e Bratislava
|f Polygrafické stredisko UK
|
| 300 |
|
|
|a 128 s.
|b sch., tab.
|c 29 cm
|
| 490 |
1 |
|
|a Vysokoškolské skriptá
|
| 650 |
0 |
7 |
|a lieky
|2 SNKPH
|9 2515
|
| 650 |
0 |
7 |
|a liekové formy
|2 SNKPH
|9 66274
|
| 650 |
0 |
7 |
|a galenická farmácia
|2 SNKPH
|9 107046
|
| 655 |
|
7 |
|a učebnice vysokých škôl
|2 SNK
|9 70191
|
| 655 |
|
7 |
|a praktické cvičenia
|2 SNKPH
|9 70517
|
| 700 |
1 |
|
|a Burelová, Alena
|4 aut
|9 307767
|
| 700 |
1 |
|
|a Ducková, Katarína,
|d 1936-
|4 aut
|9 39261
|
| 700 |
1 |
|
|a Gruntová, Zora,
|d 1925-2016
|4 aut
|9 39371
|
| 700 |
1 |
|
|a Hanzelová, Helena
|4 aut
|9 295545
|
| 700 |
1 |
|
|a Hároníková, Kamila,
|d 1937-
|4 aut
|9 201776
|
| 700 |
1 |
|
|a Heliová, Mária
|4 aut
|9 6860
|
| 700 |
1 |
|
|a Kučera, Jozef
|4 aut
|9 376840
|
| 700 |
1 |
|
|a Lichnerová, Irena,
|d 1934-
|4 aut
|9 39303
|
| 700 |
1 |
|
|a Vitková, Mária,
|d 1945-
|4 aut
|9 241356
|
| 830 |
|
0 |
|a Vysokoškolské skriptá
|9 276440
|
| 852 |
|
|
|a Slovenská národná knižnica
|
| 954 |
|
|
|a odborná, vedecká literatúra pôvodná (slovenská)
|2 lita
|
| 958 |
|
|
|a OND
|
| 999 |
|
|
|c 620698
|d 622628
|
| 952 |
|
|
|t P60, <04>, [BOOK], {604}
|a SNK
|b SNK
|y VYP
|7 0
|p 17A0157521
|o snkSB 38701/2 D1
|0 0
|1 0
|4 0
|d 1998-09-19
|l 0
|r 2004-12-31 00:00:00
|w 2026-02-23
|
| 952 |
|
|
|a SNK
|b SNK
|y PREZ
|7 0
|p 17A0797359
|o snkSB 38701/2
|0 0
|1 0
|4 0
|d 2012-05-28
|f 1
|l 0
|r 2025-04-23 00:00:00
|w 2026-02-23
|